000 00721 a2200229 4500
005 20260319113856.0
008 260319b |||||||| |||| 00| 0 eng d
020 _a9789390568390 (hbk)
037 _cTB
040 _aCRL
_cCRL
041 _2URD
_aURD
084 _aO168,1N17w R5
_bCRL
100 _aKashmiri, Shorish
_91132523
245 _aBoe gul nala-e-dil dod-e-chiragh-e-mehfil
260 _aLucknow, India:
_bMatterlink Publishers,
_c2025.
300 _a399p.
365 _b795.00
_cINR
650 _aUrdu Literature
650 _aUrdu Poetry
942 _cTB
_2CC
_hO168,1N17w R5
999 _c1679833
_d1679833